000 00507nam a2200193 a 4500
001 16174
003 CO-ViMGA
008 141112s2004 ck r 000 u spa d
020 _a9802754234
040 _aCO-ViMGA
_bspa
_cCO-ViMGA
082 0 4 _a863 L663a
100 1 _aLópez Ortega, Antonio
_923127
245 1 0 _aAjena
260 _aCaracas (Venezuela) :
_bAlfaguara,
_c2001
300 _a382.p.
590 _aForma de adquisición : Premio - Mincultura
650 1 4 _aNOVELA VENEZOLANA
942 _2ddc
_cBK
999 _c26095
_d26095